000 00254nam a2200109Ia 4500
008 190216s9999||||xx |||||||||||||| ||und||
100 _aJayadevadas
245 0 _aRashtrathanthra Pravesham
260 _bVidyarthimithram
650 _aEconomics
942 _cBK
999 _c9756
_d9756